| 000 | 00806nam a22002537a 4500 | ||
|---|---|---|---|
| 001 | 4911 | ||
| 003 | FISKH | ||
| 005 | 20241204153525.0 | ||
| 008 | 241024b cb ||||| |||| 00| 0 eng d | ||
| 020 | _a9780516466910 | ||
| 040 |
_aFISKH _beng _cFISKH _dFISKH |
||
| 050 | _aF865.S8192 | ||
| 082 | _a979.4 | ||
| 100 |
_aStein, R. Conrad _d(1937-) |
||
| 245 |
_aThe California gold rush / _cR. Conrad Stein |
||
| 250 | _aPrinted in 1995 | ||
| 260 |
_aCalifornia : _bChildren, _c1995. |
||
| 300 |
_a30 pages : _bcolor illustrations ; _c25 cm |
||
| 520 | _aDramatic and defining moments in American history come vividly the life in the Cornerstones of Freedom series. | ||
| 650 |
_2Cornerstones of Freedom _aGold rush |
||
| 650 |
_2Children's History _aSocial studies |
||
| 942 |
_2ddc _cBK _n0 |
||
| 999 |
_c4911 _d4911 |
||